000 00599nam a22001697a 4500
999 _c61098
_d61098
005 20231219124747.0
008 231219s1966 ru ||||| |||| 00| 0 rus d
041 _arus
080 _a821.124.22 П-37
100 _aПлавт, Тит Макций
_920786
245 _aИзбранные комедии /
_cТит Макций Плавт.
264 _aМ.:
_b Художественная литература,
_c1966.
300 _a664 с.;
_b21 см.
653 _aანტიკური ლიტერატურა
653 _aკომედიები
942 _2udc
_cᲬᲘᲒᲜᲘ